[Event "Open Master Gran Hotel Bali"]
[Site "Benidorm ESP"]
[Date "2007.12.07"]
[Round "6.2"]
[White "Moskalenko, Viktor"]
[Black "Dreev, Alexey"]
[Result "1/2-1/2"]
[WhiteElo "2575"]
[BlackElo "2607"]
[PlyCount "118"]
[EventDate "2007.12.06"]
[EventType "swiss (rapid)"]
[EventCountry "ESP"]
[Source "lmi"]
[SourceDate "2007.12.06"]

1. d4 d5 2. c4 c6 3. cxd5 cxd5 4. Bf4 Qb6 5. Nc3 e6 6. Qd2 Nf6 7. e3 Nc6 8. Bd3
Bd7 9. Nf3 Be7 10. h3 O-O 11. O-O Rfc8 12. Rfc1 Be8 13. Ne5 Nxe5 14. Bxe5 a6
15. Bxf6 Bxf6 16. Ne2 Be7 17. Rxc8 Rxc8 18. Rc1 Rc6 19. a3 g6 20. Rxc6 Bxc6 21.
Qc3 Bd6 22. Nc1 a5 23. Bf1 a4 24. Nd3 Bb5 25. Nc5 Bxf1 26. Kxf1 Qb5+ 27. Nd3
Kf8 28. Ke2 Ke7 29. Kd2 Kd7 30. Kc2 b6 31. Kd2 f6 32. Kc2 Qc4 33. Qxc4 dxc4 34.
Nc1 Kc6 35. Ne2 e5 36. d5+ Kxd5 37. Nc3+ Kc6 38. Nxa4 e4 39. Nc3 f5 40. h4 Be5
41. g3 b5 42. Ne2 Kc5 43. Nc3 h6 44. Na2 g5 45. hxg5 hxg5 46. Nc3 g4 47. Ne2
Kd5 48. Nc3+ Kc6 49. Ne2 Kc5 50. Nc3 Bc7 51. Ne2 Be5 52. Nc3 Bf6 53. Ne2 Bg7
54. Nc3 Be5 55. Ne2 b4 56. axb4+ Kxb4 57. Nd4 Bxd4 58. exd4 f4 59. gxf4 e3
1/2-1/2

[Event "Open Master Gran Hotel Bali"]
[Site "Benidorm ESP"]
[Date "2007.12.07"]
[Round "6.3"]
[White "Kogan, Artur"]
[Black "Garcia Fernandez, Carlos"]
[Result "1/2-1/2"]
[WhiteElo "2590"]
[BlackElo "2375"]
[PlyCount "109"]
[EventDate "2007.12.06"]
[EventType "swiss (rapid)"]
[EventCountry "ESP"]
[Source "lmi"]
[SourceDate "2007.12.06"]

1. d4 d6 2. Nf3 Nd7 3. c4 c5 4. Nc3 cxd4 5. Nxd4 b6 6. e4 Bb7 7. Be2 Ngf6 8. f3
a6 9. Be3 e6 10. O-O Be7 11. a4 O-O 12. a5 Rc8 13. Nb3 Nc5 14. axb6 Qxb6 15.
Na5 Qxb2 16. Na4 Nxa4 17. Rxa4 Bc6 18. Ra1 Qb8 19. Rb1 Qa8 20. Qb3 Nd7 21. Qa2
Nc5 22. Rfd1 Rb8 23. e5 dxe5 24. Rxb8 Rxb8 25. Qa3 Nb7 26. Qxe7 Nxa5 27. Qc5
Nb3 28. Qxe5 a5 29. h4 a4 30. h5 h6 31. Qg3 Kh8 32. Bf4 Rd8 33. Be5 Rxd1+ 34.
Bxd1 f6 35. Bd6 Nd4 36. Ba3 e5 37. f4 Qb8 38. Qd3 Qd8 39. Kf1 Qa8 40. Qd2 Qa6
41. Qb4 Bd5 42. fxe5 Qxc4+ 43. Qxc4 Bxc4+ 44. Kf2 Bb3 45. Bxb3 axb3 46. exf6
gxf6 47. Bb2 Nb5 48. Bxf6+ Kg8 49. Ke2 Kf7 50. Bb2 Nd6 51. Kd3 Ke6 52. g4 Nf7
53. Ke4 Nd6+ 54. Kd4 Nf7 55. Ke4 1/2-1/2

[Event "Open Master Gran Hotel Bali"]
[Site "Benidorm ESP"]
[Date "2007.12.08"]
[Round "7.1"]
[White "Dreev, Alexey"]
[Black "Kogan, Artur"]
[Result "1/2-1/2"]
[WhiteElo "2607"]
[BlackElo "2590"]
[PlyCount "67"]
[EventDate "2007.12.06"]
[EventType "swiss (rapid)"]
[EventCountry "ESP"]
[Source "lmi"]
[SourceDate "2007.12.06"]

1. d4 Nf6 2. c4 e6 3. Nf3 Bb4+ 4. Bd2 a5 5. g3 d6 6. Bg2 Nbd7 7. O-O e5 8. Bg5
exd4 9. Nxd4 h6 10. Bxf6 Nxf6 11. a3 Bc5 12. Nc3 O-O 13. Na4 c6 14. Nxc5 dxc5
15. Nf3 Bf5 16. Qb3 Qe7 17. Rfe1 a4 18. Qc3 Ne4 19. Qe5 Qxe5 20. Nxe5 Nd2 21.
Rac1 Rfe8 22. Nd3 Bxd3 23. exd3 Nb3 24. Rcd1 Kf8 25. Re3 Nd4 26. Rde1 Nc2 27.
Rxe8+ Rxe8 28. Rxe8+ Kxe8 29. Bf3 Nd4 30. Bd1 b5 31. f4 Ke7 32. Kf2 Kd6 33. Ke3
f6 34. Ke4 1/2-1/2

[Event "Open Master Gran Hotel Bali"]
[Site "Benidorm ESP"]
[Date "2007.12.08"]
[Round "7.2"]
[White "Reyes Larena, Juan"]
[Black "Delchev, Aleksander"]
[Result "1/2-1/2"]
[WhiteElo "2450"]
[BlackElo "2613"]
[PlyCount "53"]
[EventDate "2007.12.06"]
[EventType "swiss (rapid)"]
[EventCountry "ESP"]
[Source "lmi"]
[SourceDate "2007.12.06"]

1. e4 c5 2. Nf3 e6 3. d3 Nc6 4. g3 Nge7 5. Bg2 g6 6. O-O Bg7 7. c3 e5 8. a3 d6
9. b4 a6 10. Be3 b6 11. Nbd2 O-O 12. Rb1 h6 13. bxc5 dxc5 14. Nc4 Rb8 15. a4
Be6 16. Qc2 Qc7 17. Rfe1 Rfd8 18. Nfd2 b5 19. axb5 axb5 20. Nb2 Na5 21. c4 bxc4
22. Nbxc4 Nxc4 23. Nxc4 Bf8 24. Rxb8 Rxb8 25. Qc1 Bxc4 26. Qxc4 Nc6 27. Rc1
1/2-1/2

[Event "Open Master Gran Hotel Bali"]
[Site "Benidorm ESP"]
[Date "2007.12.08"]
[Round "7.3"]
[White "Arata, Roberto"]
[Black "Campos Gambuti, Luis Maria"]
[Result "0-1"]
[WhiteElo "2147"]
[BlackElo "2429"]
[PlyCount "69"]
[EventDate "2007.12.06"]
[EventType "swiss (rapid)"]
[EventCountry "ESP"]
[Source "lmi"]
[SourceDate "2007.12.06"]

1. d4 d5 2. c4 dxc4 3. Nf3 c5 4. d5 Nf6 5. Nc3 e6 6. e4 exd5 7. e5 Ne4 8. Nxe4
dxe4 9. Qxd8+ Kxd8 10. Ng5 Be6 11. Nxe6+ fxe6 12. Bxc4 Nc6 13. Bg5+ Be7 14.
O-O-O+ Ke8 15. Be3 Kf7 16. f4 exf3 17. Rhf1 Nxe5 18. Bb3 Rhd8 19. gxf3 Bf6 20.
Kb1 c4 21. Bc2 Nd3 22. Bxd3 cxd3 23. Rd2 Rd6 24. Rc1 Rad8 25. a3 a6 26. Ka2
R8d7 27. Kb3 Rd5 28. Rc4 Rf5 29. f4 Rb5+ 30. Rb4 Rxb4+ 31. Kxb4 Kg6 32. Kc4 Kf5
33. b4 Ke4 34. Bf2 Be7 35. Be3 0-1

[Event "Open Master Gran Hotel Bali"]
[Site "Benidorm ESP"]
[Date "2007.12.08"]
[Round "8.1"]
[White "Delchev, Aleksander"]
[Black "Campos Gambuti, Luis Maria"]
[Result "1-0"]
[WhiteElo "2613"]
[BlackElo "2429"]
[PlyCount "81"]
[EventDate "2007.12.06"]
[EventType "swiss (rapid)"]
[EventCountry "ESP"]
[Source "lmi"]
[SourceDate "2007.12.06"]

1. e4 e5 2. Bc4 Nf6 3. d3 c6 4. Nf3 d5 5. Bb3 Bd6 6. exd5 Nxd5 7. O-O O-O 8.
Re1 Qc7 9. Bxd5 cxd5 10. Nc3 d4 11. Nb5 Qc6 12. Nxd6 Qxd6 13. Nxe5 Nc6 14. Bf4
Qf6 15. Qf3 Nb4 16. Re2 Be6 17. a3 Nd5 18. Bg3 Rac8 19. Qxf6 Nxf6 20. h3 Bd5
21. a4 Rc5 22. b3 a6 23. Nc4 Re8 24. Rxe8+ Nxe8 25. Re1 Be6 26. a5 Nf6 27. Be5
Rd5 28. f4 Nd7 29. Bc7 h5 30. Kf2 Rc5 31. Bd6 Rd5 32. Kf3 g5 33. Be5 g4+ 34.
hxg4 hxg4+ 35. Kg3 Nf8 36. Re4 f6 37. Bxf6 Rh5 38. Ne5 Rh1 39. Rxd4 Rc1 40. c4
Rb1 41. Rd8 1-0

[Event "Open Master Gran Hotel Bali"]
[Site "Benidorm ESP"]
[Date "2007.12.08"]
[Round "8.2"]
[White "Reyes Larena, Juan"]
[Black "Dreev, Alexey"]
[Result "0-1"]
[WhiteElo "2450"]
[BlackElo "2607"]
[PlyCount "92"]
[EventDate "2007.12.06"]
[EventType "swiss (rapid)"]
[EventCountry "ESP"]
[Source "lmi"]
[SourceDate "2007.12.06"]

1. e4 c5 2. Nf3 Nc6 3. Bb5 d6 4. O-O Bd7 5. Re1 Nf6 6. c3 a6 7. Bf1 Bg4 8. h3
Bxf3 9. Qxf3 g6 10. Qd1 Qb6 11. Na3 Bg7 12. Nc4 Qc7 13. d4 cxd4 14. cxd4 d5 15.
exd5 Nxd5 16. Ne3 Rd8 17. Nxd5 Rxd5 18. Be3 O-O 19. Rc1 e6 20. Bc4 Rd7 21. Qf3
Qa5 22. Red1 Nxd4 23. Bxd4 Bxd4 24. Qe2 Rfd8 25. Bb3 Qe5 26. Qc2 Kg7 27. Re1
Qf6 28. Re2 h5 29. Rce1 Rd6 30. Qb1 Qf4 31. Qc1 Qf6 32. Qb1 Bb6 33. Qe4 Rd2 34.
Qf3 Qxf3 35. gxf3 Ba5 36. Rxd2 Rxd2 37. Rd1 Rxb2 38. Rd7 Kf6 39. Rxb7 Be1 40.
Kf1 Bxf2 41. Bd5 Rc2 42. Be4 Rxa2 43. Bc6 Bc5 44. Be8 Be7 45. Ke1 Rh2 46. Ra7
Ke5 0-1

[Event "Open Master Gran Hotel Bali"]
[Site "Benidorm ESP"]
[Date "2007.12.08"]
[Round "8.3"]
[White "Sanchez, Joseph"]
[Black "Garcia Fernandez, Carlos"]
[Result "1-0"]
[WhiteElo "2496"]
[BlackElo "2375"]
[PlyCount "41"]
[EventDate "2007.12.06"]
[EventType "swiss (rapid)"]
[EventCountry "ESP"]
[Source "lmi"]
[SourceDate "2007.12.06"]

1. e4 d6 2. d4 Nf6 3. Nc3 e5 4. Nf3 Nbd7 5. g4 Nxg4 6. Rg1 Ngf6 7. Bc4 h6 8.
Qd3 c6 9. dxe5 dxe5 10. Be3 Qa5 11. O-O-O b5 12. Bb3 Ba6 13. Ne2 c5 14. Bd2 b4
15. c4 bxc3 16. Qxc3 Qc7 17. Ng3 c4 18. Kb1 Rc8 19. Ba4 g6 20. Nxe5 Rg8 21. Bf4
1-0

[Event "Open Master Gran Hotel Bali"]
[Site "Benidorm ESP"]
[Date "2007.12.08"]
[Round "9.1"]
[White "Moskalenko, Viktor"]
[Black "Delchev, Aleksander"]
[Result "1/2-1/2"]
[WhiteElo "2575"]
[BlackElo "2613"]
[PlyCount "81"]
[EventDate "2007.12.06"]
[EventType "swiss (rapid)"]
[EventCountry "ESP"]
[Source "lmi"]
[SourceDate "2007.12.06"]

1. d4 Nf6 2. c4 e6 3. Nc3 Bb4 4. f3 d5 5. a3 Bxc3+ 6. bxc3 c5 7. cxd5 Nxd5 8.
dxc5 Qa5 9. e4 Ne7 10. Be3 O-O 11. Qb3 Qc7 12. Bb5 Nec6 13. Ne2 Na5 14. Qb4 e5
15. O-O Na6 16. Bxa6 bxa6 17. Rfd1 Be6 18. c6 Nc4 19. Bc5 Rfc8 20. Qb7 Na5 21.
Bd6 Nc4 22. Bxe5 f5 23. Bd4 Qf4 24. Nxf4 Rxc6 25. Qf7+ Bxf7 26. Nd5 fxe4 27.
fxe4 Re8 28. Bxa7 Rxe4 29. Nb4 Rg6 30. Rd8+ Re8 31. Rxe8+ Bxe8 32. Re1 Bf7 33.
a4 a5 34. Nd3 Re6 35. Rxe6 Bxe6 36. Kf2 Bd7 37. Nc5 Bc6 38. Bb8 Nb2 39. Be5
Nxa4 40. Nxa4 Bxa4 41. Bc7 1/2-1/2

[Event "Open Master Gran Hotel Bali"]
[Site "Benidorm ESP"]
[Date "2007.12.08"]
[Round "9.2"]
[White "Dreev, Alexey"]
[Black "Sanchez, Joseph"]
[Result "1/2-1/2"]
[WhiteElo "2607"]
[BlackElo "2496"]
[PlyCount "95"]
[EventDate "2007.12.06"]
[EventType "swiss (rapid)"]
[EventCountry "ESP"]
[Source "lmi"]
[SourceDate "2007.12.06"]

1. d4 d5 2. c4 c6 3. Nf3 Nf6 4. e3 Bg4 5. Nc3 e6 6. h3 Bxf3 7. Qxf3 Nbd7 8. Bd2
Bb4 9. Qd1 O-O 10. Qb3 Bxc3 11. Bxc3 Ne4 12. Bd3 Nxc3 13. bxc3 dxc4 14. Qxc4
Qc7 15. a4 Rac8 16. O-O c5 17. a5 cxd4 18. Qxc7 Rxc7 19. cxd4 Rb8 20. Rfc1 Rbc8
21. Rxc7 Rxc7 22. Rb1 b6 23. axb6 Nxb6 24. g4 h6 25. Ra1 Kf8 26. Kg2 Ke7 27. h4
Kd6 28. Ra5 Nc8 29. Kg3 Nb6 30. Kf3 Nd5 31. Be4 Nb6 32. Kf4 Nc4 33. Ra6+ Ke7
34. g5 hxg5+ 35. hxg5 Nb6 36. Ra5 Kd6 37. g6 fxg6 38. Kg5 Rf7 39. f4 Rc7 40.
Bxg6 Nc4 41. Ra6+ Rc6 42. Rxc6+ Kxc6 43. e4 Nd2 44. d5+ exd5 45. exd5+ Kxd5 46.
Bc2 Nf3+ 47. Kg6 Nd4 48. Bd1 1/2-1/2

[Event "Open Master Gran Hotel Bali"]
[Site "Benidorm ESP"]
[Date "2007.12.08"]
[Round "9.3"]
[White "Campos Gambuti, Luis Maria"]
[Black "Kogan, Artur"]
[Result "1/2-1/2"]
[WhiteElo "2429"]
[BlackElo "2590"]
[PlyCount "133"]
[EventDate "2007.12.06"]
[EventType "swiss (rapid)"]
[EventCountry "ESP"]
[Source "lmi"]
[SourceDate "2007.12.06"]

1. d4 Nf6 2. Nf3 d5 3. c4 dxc4 4. e3 Bg4 5. Bxc4 e6 6. h3 Bh5 7. Nbd2 Nbd7 8.
b3 Bb4 9. Bb2 Ne4 10. g4 Bg6 11. a3 Bc3 12. Bxc3 Nxc3 13. Qc1 Ne4 14. Bf1 c5
15. Qb2 Nxd2 16. Nxd2 Qf6 17. Bg2 cxd4 18. Qxd4 Qxd4 19. exd4 O-O-O 20. Nc4 Nf6
21. O-O-O Nd5 22. Bxd5 Rxd5 23. Ne3 Rd7 24. f3 Rhd8 25. d5 exd5 26. Rd4 Rc7+
27. Kd2 f6 28. h4 Bf7 29. h5 Be6 30. Rd1 b6 31. b4 Kb7 32. f4 Ka6 33. a4 Rdc8
34. Nxd5 Rc4 35. b5+ Ka5 36. Ke3 Bxg4 37. Rxc4 Rxc4 38. Rg1 f5 39. Kd3 Re4 40.
Rc1 Be2+ 41. Kd2 Bc4 42. Ne3 Rd4+ 43. Ke1 Bd3 44. Rc7 Kxa4 45. Rxg7 Kxb5 46.
Rxh7 Rxf4 47. Kd2 Rh4 48. Nd1 Be4 49. h6 Kb4 50. Rf7 f4 51. Nf2 b5 52. Rf6 Bh7
53. Rf7 Bb1 54. Kc1 Bg6 55. Rf6 Rxh6 56. Rxf4+ Kc5 57. Rf6 Kd4 58. Kb2 Rh2 59.
Rxg6 Rxf2+ 60. Kb3 Kc5 61. Rg4 Rf3+ 62. Kb2 b4 63. Rh4 Kb5 64. Rh8 Rf2+ 65. Kb3
Rf3+ 66. Kb2 Rf5 67. Kb3 1/2-1/2

[Event "Open Master Gran Hotel Bali"]
[Site "Benidorm ESP"]
[Date "2007.12.09"]
[Round "10.1"]
[White "Delchev, Aleksander"]
[Black "Kogan, Artur"]
[Result "1/2-1/2"]
[WhiteElo "2613"]
[BlackElo "2590"]
[PlyCount "23"]
[EventDate "2007.12.06"]
[EventType "swiss (rapid)"]
[EventCountry "ESP"]
[Source "lmi"]
[SourceDate "2007.12.06"]

1. d4 d5 2. c4 c6 3. Nc3 Nf6 4. cxd5 cxd5 5. Bf4 Nc6 6. e3 a6 7. Bd3 Bg4 8. f3
Bd7 9. Nge2 e6 10. h3 Be7 11. O-O O-O 12. Rc1 1/2-1/2

[Event "Open Master Gran Hotel Bali"]
[Site "Benidorm ESP"]
[Date "2007.12.09"]
[Round "10.2"]
[White "Pogorelov, Ruslan"]
[Black "Dreev, Alexey"]
[Result "0-1"]
[WhiteElo "2411"]
[BlackElo "2607"]
[PlyCount "83"]
[EventDate "2007.12.06"]
[EventType "swiss (rapid)"]
[EventCountry "ESP"]
[Source "lmi"]
[SourceDate "2007.12.06"]

1. Nf3 d5 2. d4 c6 3. c4 dxc4 4. e3 Be6 5. Nc3 b5 6. a4 b4 7. Ne4 Nf6 8. Ned2
c3 9. bxc3 bxc3 10. Nc4 g6 11. Qc2 Bg7 12. Qxc3 c5 13. Nce5 Nbd7 14. Bb5 O-O
15. Ba3 Ne4 16. Qc2 Qa5+ 17. Kf1 Nxe5 18. dxe5 Nc3 19. Qd2 Rfd8 20. Qe1 a6 21.
Be2 Rab8 22. Bc1 Bc4 23. Bd2 Rxd2 24. Bxc4 Rdb2 25. Rc1 Rb1 26. Bd3 Rxc1 27.
Qxc1 c4 28. Bc2 Bxe5 29. g3 Bf6 30. Kg2 Na2 31. Qa3 Rb2 32. Be4 Rb4 33. Rd1 c3
34. Rd8+ Kg7 35. Bd3 Rxa4 36. Bc2 Rb4 37. Ne1 Rb2 38. Rc8 Nb4 39. Ba4 Ra2 40.
Bb3 Rxa3 41. Bc2 Ra1 42. Rc4 0-1

[Event "Open Master Gran Hotel Bali"]
[Site "Benidorm ESP"]
[Date "2007.12.09"]
[Round "10.3"]
[White "Sanchez, Joseph"]
[Black "Granero Roca, Antonio"]
[Result "1-0"]
[WhiteElo "2496"]
[BlackElo "2354"]
[PlyCount "70"]
[EventDate "2007.12.06"]
[EventType "swiss (rapid)"]
[EventCountry "ESP"]
[Source "lmi"]
[SourceDate "2007.12.06"]

1. e4 c5 2. Nf3 Nc6 3. d4 cxd4 4. Nxd4 g6 5. Nc3 Bg7 6. Be3 Nf6 7. Bc4 O-O 8.
O-O Qa5 9. Nb3 Qc7 10. f4 d6 11. Be2 a6 12. Bf3 Na5 13. Nxa5 Qxa5 14. Re1 Be6
15. Bd4 Nd7 16. Bxg7 Kxg7 17. Qd4+ f6 18. Nd5 Bxd5 19. exd5 Rfe8 20. Kh1 Qc5
21. Qd2 Rac8 22. c3 Qc4 23. Re4 Qc7 24. Rae1 Nc5 25. R4e3 b5 26. f5 Qd8 27.
fxg6 hxg6 28. Bh5 e5 29. dxe6 gxh5 30. Rg3+ Kh7 31. Qe2 Kh6 32. Qe3+ Kh7 33.
Qf3 Kh6 34. Qf4+ Kh7 35. Ra1 Ra8 1-0

[Event "Open Master Gran Hotel Bali"]
[Site "Benidorm ESP"]
[Date "2007.12.09"]
[Round "11.1"]
[White "Hristodorescu, Daniel"]
[Black "Delchev, Aleksander"]
[Result "0-1"]
[WhiteElo "2260"]
[BlackElo "2613"]
[PlyCount "79"]
[EventDate "2007.12.06"]
[EventType "swiss (rapid)"]
[EventCountry "ESP"]
[Source "lmi"]
[SourceDate "2007.12.06"]

1. e4 c5 2. Nf3 e6 3. b3 a6 4. Bb2 Nc6 5. d3 d6 6. g3 e5 7. Bg2 g6 8. O-O Bg7
9. Nbd2 Nge7 10. Ne1 O-O 11. Nc4 b5 12. Ne3 Qb6 13. a4 Bd7 14. Nd5 Nxd5 15.
exd5 Nd4 16. a5 Qc7 17. c3 Nf5 18. Nc2 Rae8 19. b4 c4 20. Ne3 Nxe3 21. fxe3
cxd3 22. Qxd3 f5 23. Rf2 e4 24. Qd2 Rc8 25. Rc1 Qa7 26. Kh1 Rc7 27. Bf1 Rfc8
28. Rc2 Be8 29. Re2 Bf7 30. Re1 Qb7 31. Rd1 h5 32. Be2 Be5 33. Qc1 Bxd5 34.
Rxd5 Qxd5 35. Rd2 Qe6 36. Qd1 Rxc3 37. Bxc3 Rxc3 38. Rc2 Qb3 39. Bf1 Qxb4 40.
Qd4 0-1

[Event "Open Master Gran Hotel Bali"]
[Site "Benidorm ESP"]
[Date "2007.12.09"]
[Round "11.2"]
[White "Dreev, Alexey"]
[Black "Granero Roca, Antonio"]
[Result "1-0"]
[WhiteElo "2607"]
[BlackElo "2354"]
[PlyCount "89"]
[EventDate "2007.12.06"]
[EventType "swiss (rapid)"]
[EventCountry "ESP"]
[Source "lmi"]
[SourceDate "2007.12.06"]

1. d4 Nf6 2. c4 c5 3. d5 b5 4. Nf3 g6 5. cxb5 a6 6. b6 d6 7. Nc3 Nbd7 8. a4 a5
9. e4 Qxb6 10. Bb5 Bg7 11. e5 dxe5 12. Nxe5 O-O 13. Nc4 Qc7 14. O-O Nb6 15.
Nxb6 Qxb6 16. Re1 Bb7 17. Bg5 h6 18. Bh4 Rad8 19. Qc2 g5 20. Bg3 Nxd5 21. Nxd5
Rxd5 22. Rxe7 Ba6 23. Bc7 Qf6 24. Re2 c4 25. Qxc4 Rd4 26. Qc5 Rc8 27. Rae1 Bb7
28. Re8+ Rxe8 29. Rxe8+ Kh7 30. Qc2+ Qg6 31. Qxg6+ Kxg6 32. Bxa5 Rd1+ 33. Re1
Rxe1+ 34. Bxe1 Bxb2 35. a5 Kf6 36. a6 Ba8 37. Be2 Ke7 38. Bf3 Bxf3 39. gxf3 Bd4
40. Bd2 Kd7 41. Be3 Bxe3 42. fxe3 Kc6 43. Kg2 Kb6 44. Kg3 h5 45. h4 1-0

[Event "Open Master Gran Hotel Bali"]
[Site "Benidorm ESP"]
[Date "2007.12.09"]
[Round "11.3"]
[White "Sanchez, Joseph"]
[Black "Campos Gambuti, Luis Maria"]
[Result "1/2-1/2"]
[WhiteElo "2496"]
[BlackElo "2429"]
[PlyCount "23"]
[EventDate "2007.12.06"]
[EventType "swiss (rapid)"]
[EventCountry "ESP"]
[Source "lmi"]
[SourceDate "2007.12.06"]

1. e4 d5 2. exd5 Qxd5 3. Nc3 Qd6 4. Nf3 Nf6 5. d4 a6 6. Be3 Nc6 7. Qd2 Bf5 8.
Bc4 e6 9. Bf4 Qd8 10. Qd1 Ng8 11. Nb1 Nb8 12. Ng1 1/2-1/2